000 00494nam a22001937a 4500
001 00028629
005 20260325064732.0
008 260325b ag ||||| |||| 00| 0 spa d
040 _aAR-CcCEOS
_bspa
_cAR-CcCEOS
041 _aspa
080 _a982
090 _bFAY
100 1 _aFayard, Marcelo I.
_9958
245 _aHaica la edad de oro /
_cMarcelo I. Fayard
260 _aArgentina :
_bSudamericana.
300 _a414 p. ;
_c24x15 cm.
650 0 _ahistoria
_990
942 _2udc
_cBK
_n0
999 _c28661
_d28661